00671nam a2200181 a 450000100100000000500170001000800410002702000150006804000250008310000260010824501010013426000580023530000210029350000210031450400320033595201050036799900170047200004307320201002040622.0140218s1998 xxu 000 0 spa d a0864810468 aDO-SdBNPbspacBNPHU1 aBarry, John M.97059610aRising Tide :bthe great Mississippi Flood of 1927 and how it change América /cJohn M. Barry. aNew York :bA Touchstone Book, Simon Schuster,c1998. a524 p. ;c25 cm. aIncluye índice aBibliografía : p. 484-495 001050718MOaGRbGRcCTd2014-02-18iLF1l0o p43073-10r2020-06-25w2020-06-25y1ZNo se presta c42562d42562